| 000 | 00459nam a2200157Ia 4500 | ||
|---|---|---|---|
| 008 | 210210b2004 xxu||||| |||| 00| 0 eng d | ||
| 020 | _a81 7033 880 8 | ||
| 082 | _a020 MAHI | ||
| 100 | _aMAHAPATRA (Rabindra K) and PANDA (Krushna C). | ||
| 245 | _aInformation science and journalism: a symbiosis. | ||
| 260 |
_aN D _bRawat Publications _c2004 |
||
| 300 | _a238 | ||
| 650 | _aInformation Science Journalism | ||
| 690 | _aLibrary Science | ||
| 906 | _a060555 | ||
| 999 |
_c107644 _d107644 |
||